| Tag |
First Indicator |
Second Indicator |
Subfields |
| LEADER |
00000cam a22000008a 4500 |
| 001 |
in00000033091 |
| 005 |
20151007055120.0 |
| 008 |
870225s1987 enka b 00110 eng d |
| 010 |
|
|
|a gb 87010686
|
| 015 |
|
|
|a GB87-10686
|
| 020 |
|
|
|a 0850721598 (pbk) :
|c £11.95 (May)
|
| 035 |
|
|
|a (OCoLC)15548780
|
| 035 |
|
|
|9 AAB7303AM
|
| 040 |
|
|
|a UKM
|c UKM
|d TXA
|d UtOrBLW
|
| 043 |
|
|
|a e-uk---
|
| 049 |
|
|
|a TXAM
|c [A11111578]
|
| 050 |
|
4 |
|a NK928
|b .W54 1987
|
| 082 |
0 |
|
|a 745.4/4941
|2 19
|
| 100 |
1 |
|
|a Whiteley, Nigel.
|
| 245 |
1 |
0 |
|a Pop design :
|b modernism to mod /
|c Nigel Whiteley.
|
| 264 |
|
1 |
|a London :
|b Design Council,
|c 1987.
|
| 300 |
|
|
|a 240 pages :
|b illustrations ;
|c 26 cm.
|
| 336 |
|
|
|a text
|b txt
|2 rdacontent
|
| 337 |
|
|
|a unmediated
|b n
|2 rdamedia
|
| 338 |
|
|
|a volume
|b nc
|2 rdacarrier
|
| 504 |
|
|
|a Includes bibliography and index.
|
| 650 |
|
0 |
|a Design
|z Great Britain
|x History
|y 20th century.
|
| 999 |
|
|
|a MARS
|
| 999 |
f |
f |
|s b77cd595-82b3-399e-9bd3-39f3240645d7
|i a4e5fa32-a4c3-3286-9d37-6d34a4c487a8
|t 0
|
| 952 |
f |
f |
|p normal
|a Texas A&M University
|b College Station
|c Sterling C. Evans Library
|d Evans: Library Stacks
|t 0
|e NK928 .W54 1987
|h Library of Congress classification
|i unmediated -- volume
|m A14811111578
|
| 998 |
f |
f |
|a NK928 .W54 1987
|t 0
|l Evans: Library Stacks
|